Prensa periódica, géneros e historia literaria : siglos XIX y XX /

Збережено в:
Бібліографічні деталі
Автор: Gómez Rodríguez, Irma Elizabeth (edición)
Інші автори: Viveros Anaya, Luz América (edición) (edición), Ibarra Chávez, Fernardo (edición e introducción) (edición e introducción)
Формат: Книга
Мова:Іспанська
Опубліковано: México : UNAM, Instituto de Investigaciones Filológicas, 2022, c2022
Серія:(Resurrectio. VI. Estudios ; 13)
Предмети:
Теги: Додати тег
Немає тегів, Будьте першим, хто поставить тег для цього запису!

MARC

LEADER 00000nam^a2200000^a^4500
001 000452758
005 20250521000000.0
009 20260310123845.267
020 |a 978-607-30-5778-3 
037 |a Acervo ITESO - Biblioteca 
041 |a ESP 
082 |a 302. 2310972  |b GOM 
100 |a Gómez Rodríguez, Irma Elizabeth  |e (edición) 
245 1 0 |a Prensa periódica, géneros e historia literaria :  |b siglos XIX y XX /  |c Ed. de I.E. Gómez Rodríguez ; ed. e introd. de F. Ibarra Chávez. 
264 4 |a México :  |b UNAM, Instituto de Investigaciones Filológicas,  |c 2022, c2022 
300 |a 565 p. 
336 |a texto  |b txt  |2 rdacontenido 
337 |a sin mediación  |b n  |2 rdamedio 
338 |a volumen  |b nc  |2 rdasoporte 
440 1 |a (Resurrectio.  |p VI. Estudios ;  |v 13) 
649 |a XX 
650 |a Periódicos -  |z México -  |x Historia -  |y Siglo XIX 
650 |a Periódicos -  |z México -  |x Historia -  |y Siglo XX 
650 |a Prensa -  |z México -  |x Historia -  |y Siglo XIX 
650 |a Prensa -  |z México -  |x Historia -  |y Siglo XX 
650 |a Prensa -  |z México -  |x Historia -  |x Tema Principal 
650 |a Medios Impresos -  |z México -  |x Historia -  |y Siglo XIX 
650 |a Medios Impresos -  |z México -  |x Historia -  |y Siglo XX 
650 |a Medios de Comunicación -  |z México -  |x Historia -  |y Siglo XIX 
650 |a Medios de Comunicación -  |z México -  |x Historia -  |y Siglo XX 
650 |a Literatura y Periodismo -  |z México -  |x Historia y Crítica -  |x Tema Principal 
650 |a Literatura y Comunicación -  |z México -  |x Historia y Crítica 
650 |a Literatura Mexicana -  |x Historia y Crítica 
650 |a Literatura Mexicana -  |y Siglo XIX 
650 |a Literatura Mexicana -  |y Siglo XX 
650 |a Periodismo -  |z México -  |x Historia -  |y Siglo XIX 
650 |a Periodismo -  |z México -  |x Historia -  |y Siglo XX 
650 |a Periodismo -  |z México -  |x Historia -  |x Tema Principal 
650 |a Comunicación -  |z México -  |x Historia 
700 |a Viveros Anaya, Luz América  |e (edición) 
700 |a Ibarra Chávez, Fernardo  |e (edición e introducción) 
910 |a Fondo General 
920 |a Impresos - Libros 
930 |a Colección General 
905 |a 101 
901 |a 0500368722  |b IT1  |c ACC  |i C179646  |u 20250521 
902 |a https://opac.biblio.iteso.mx/vufind/Record/000452758